Регионална библиотека "Любен Каравелов" - Русе

Басните на Езоп (Запис номер 502849)

MARC детайли
000 -Лидер
Контролно поле с фиксирана дължина 01156nam a2200301 c 4500
003 - Код на организацията, давaща контролен номер
Контролно поле BLK
005 - Дата и час на последна редакция
Контролно поле 20250623154037.0
008 - Елементи от данни с фиксирана дължина
fixed length control field 180413b bul|||||r ||||||| ||bul||
020 ## - Международен стандартен номер на книга ISBN
Международен стандартен номер на книга ISBN 9786197670233
040 ## - Източник на каталожния запис
Идентификатор на билиотеката - собственик на записа BLK
041 ## - Код за език
Код за езика на текст/звукозапис или на отделно заглавие Български
Код за езика КДБФ Български
080 ## - УДК
Текстов определител УДК Класическа гръцка литература. Старогръцка литература
УДК код - определител по УДК 821.142
УДК определител -93-342
УДК - код + определител 821.142-93-342
100 1# - Редна дума - Автор
Автор Езоп
Авторска отговорност първи автор
R(LIN) 66774
139 ## - Редно поле
Редна дума Езоп
Авторски знак Езо - Е 38
245 10 - Сведения за заглавието
Заглавие Басните на Езоп
Редно поле (дума) преразк. от Каролайн Лорънс; ил. Робърт Ингпен; прев. Богдан Русев
260 ## - Област на издателските данни
Място на издаване, разпространение и проч. София
Име на издателя, разпространителя и проч. Лабиринт
Година на издаване 2023
9 (RLIN) 210561
Издателство - префикс ISBN 978-619-7055- ; 5-87604-
300 ## - Физическа характеристика
Страници 192 с.
Илюстрации и др. с цв. ил.
Размери/Мащаб 26 см
380 ## - Жанр
Жанр Детска худож. лит.
700 ## - Други автори (авторска отговорност)
Лично име Русев, Богдан Бориславов
9 (RLIN) 365584
700 ## - Други автори (авторска отговорност)
Лично име Лорънс, Каролайн
9 (RLIN) 490847
700 ## - Други автори (авторска отговорност)
Лично име Ингпен, Робърт
9 (RLIN) 401871
852 ## - Местоположение
Форматна сигнатура Цб ІІ 32811
Фондова буква Хранилище
856 4# - Електронен адрес и достъп
Електронен формат pdf - файл
Път до файла /url/
856 4# - Електронен адрес и достъп
Електронен формат pdf - файл
Път до файла /url/
942 ## - АРТИКУЛИ
Вид на библиотечния материал Книги
Скрит в OPAC Не
Koha issues (borrowed), all copies 7
944 ## - СЪЗДАВАНЕ И РЕДАКЦИЯ на ЗАПИСА
Служител, извършил регистрацията/редакцията 30551
Статус, дата на статуса Бояна Костадинова
999 ## - СИСТЕМНИ КОНТРОЛНИ НОМЕРА
Koha biblionumber 502849
Koha biblioitemnumber 502849
999 ## - СИСТЕМНИ КОНТРОЛНИ НОМЕРА
Koha biblioitemnumber 502849
Наличности
Код за отписване Код за изгубен артикул Източник на класификационната схема Код за повреда Код за отдаване Артикулен № Име на библиотеката - собственик Име на библиотеката, в която се намира в момента Статус (Текущо местоположение) Дата на вписване в системата Местоположение - отдел Цена в лева Инвентарен номер Систематично азбучна сигнатура Баркод Цена в евро Служебен тип на артикула Коз за рестрикции
  Не е изгубен Universal Decimal Classification Не е повреден заемане за дома 939971 Регионална библиотека "Любен Каравелов" Русе Регионална библиотека "Любен Каравелов" Русе Детски отдел 2024-02-07 Детски отдел 27.93 120000899000 821-93/Е 38 120000899000 14.28 Книги  
  Не е изгубен Universal Decimal Classification Не е повреден заемане за дома 939972 Регионална библиотека "Любен Каравелов" Русе Регионална библиотека "Любен Каравелов" Русе Детски отдел 2024-02-07 Детски отдел 27.93 120000898999 821-93/Е 38 120000898999 14.28 Книги  
  Не е изгубен Universal Decimal Classification Не е повреден ползва се в читалня 943727 Регионална библиотека "Любен Каравелов" Русе Регионална библиотека "Любен Каравелов" Русе Хранилище 2024-06-07 Хранилище 39.90 120000908813 Цб ІІ 32811 120000908813 20.40 Книги само за читалня
Vip Innovations Ltd, Rousse, Bulgaria 2025